01520nam a2200409 i 450000100060000000300080000600500170001400600190003100700150005000800410006502000280010603500220013404000310015605000220018708000060020908200150021510000270023024501100025726400530036730000530042033600310047333700330050433800430053749000250058050000220060558800830062759001620071065000160087265000180088865000250090665000280093165500270095979700180098683000260100485600630103099900170109329132FINmELB20241216220121.0m o d | cr cnu||||||||180111s2015 sp o 001 0 spa d a9788433037701q(e-book) a(OCoLC)1145102718 aFINmELBbspaerdacFINmELB 4aBV4813bR319 2015 a20 a204.352231 aRedondo Barba, Rafael.10aSer la propia luz :bmás allá de linajes y maestros, de escuelas y creencias /cRafael Redondo Barba. 1aBilbao :bEditorial Desclée de Brouwer,c2015. a1 recurso en línea (188 páginas sin numerar) atextobtxt2rdacontent/spa acomputadorabc2rdamedia/spa arecurso en líneabcr2rdacarrier/spa1 aA los cuatro vientos aIncluye índice. aDescripción basada en metadatos suministrados por el editor y otras fuentes. aRecurso electrónico. Santa Fe, Arg.: elibro, 2020. Disponible vía World Wide Web. El acceso puede estar limitado para las bibliotecas afiliadas a elibro. 0aMeditation. 4aMeditación. 0aSpiritual direction. 4aDirección espiritual. 4aLibros electrónicos.2 aelibro, Corp. 0aA los cuatro vientos.40uhttps://elibro.net/ereader/politecnicointernacional/115892 c29132d29132